Amartya K. Sen y la globalización

Saved in:
Bibliografiske detaljer
Main Authors: Martínez Guzmán, Vicent (autor), Paris Albert, Sonia (Author)
Format: Bog
Sprog:spansk
engelsk
Udgivet: Castellón Universitat Jaume 2006
Serier:Cooperació i Solidaritat. Estudios, 1
Fag:
Tags: Tilføj Tag
Ingen Tags, Vær først til at tagge denne postø!

MARC

LEADER 00000nam a2200000 a 4500
001 UCI2405
003 CL-VaPUC
008 070824e20060000SP |||||||||||||||||spa|d
020 |a 8480215593 
041 0 7 |a spa  |2 CL-VaPUC 
041 0 7 |a eng  |2 CL-VaPUC 
082 0 4 |a 330.01  |b MAR  |2 21 
100 |a Martínez Guzmán, Vicent  |e autor  |9 523426 
700 0 |a Paris Albert, Sonia  |e author  |9 523427 
245 1 0 |a Amartya K. Sen y la globalización 
300 |a 186 p 
942 |c BK 
945 |d 20070824 00:00:00  |a rbrito 
260 |a Castellón  |b Universitat Jaume  |c 2006 
600 0 7 |a SEN, AMARTYA KUMAR  |2 CL-VaPUC  |9 523428 
650 0 |a Globalización  |9 361930 
650 0 |a Filosofía de las ciencias sociales  |9 268057 
650 0 |a Economía   |9 255568 
650 0 |a Teoría económica  |9 315055 
650 0 |a Política económica   |9 255029 
583 |a last modification  |c 20121001 11:03:21  |k Rodrigo Vera 
490 0 |a Cooperació i Solidaritat. Estudios, 1 
999 |c 326990  |d 326988 
952 |0 0  |1 0  |4 0  |6 330_010000000000000_MAR_2006  |7 0  |8 A  |9 409325  |a BIBGIM  |b BIBGIM  |d 2019-11-22  |i 4343344  |o 330.01 MAR 2006  |p 4343344  |r 2025-01-15  |w 2019-11-22  |y BK  |k SSL